| 000 | 00591nam a22001817a 4500 | ||
|---|---|---|---|
| 005 | 20230330084723.0 | ||
| 008 | 230113b bl ||||| |||| 00| 0 por d | ||
| 020 | _a857453532X | ||
| 050 | 0 | 4 |
_aKHD3015.A35.1967 _bB37 2005 |
| 100 | 1 | _aBarretto, Carlos Roberto | |
| 245 | 1 | 4 |
_aLa de imprensa _b : interpretada pelos tribuunais _c / Calos Roberto Barreto. |
| 250 |
_a2a ed. _baumentada |
||
| 260 |
_aSao Paulo : _bJuárez de Oliveira, _c2005 |
||
| 300 |
_axii, 635 p. ; _c23 cm. |
||
| 500 | _aIncluye índiece | ||
| 650 | 7 |
_2lemb _aLibertad de prensa _xLegislación _zBrasil |
|
| 942 |
_2lcc _cLIB |
||
| 999 |
_c60923 _d60923 |
||